000 00630nam a2200265Ia 4500
008 190123s9999 xx 000 0 und d
020 _a9780531215197
050 _bS774 2016
100 _aSquire, Ann O.
245 0 _aEbola /
245 0 _cby Ann O. Squire.
260 _aNew York, New York :
260 _bScholastic,
260 _c2016
300 _a48 pages :
300 _bcolored illustrations ;
300 _c21cm.
440 _aA true book.
500 _a1010L
650 _aEbola virus disease.
650 _aEpidemics.
650 _aHemorrhagic disease.
700 _aSeries.
700 _aTitle.
999 _c361210
_d361210